000 02153nam a2200577 i 4500
001 7759
003 KOSZ 005
005 20201021140233.0
008 201021s1966 pl a f 001 0 pol
015 _aUWD 1966/6948
035 _a991037777099705066
035 _a(PL-WaBN)b20125239-48omnis_nlop
035 _ab20125239
035 _a(OCoLC)749160875
035 _a(PL)b0000002012523
035 _a(EXLNZ-48OMNIS_NETWORK)9910395760005606
040 _aWA N
_cWA N
_dKOSZ 005/RW
046 _k1962
080 _a547
080 _a(07)
100 1 _aFuson, Reynold Clayton
_d(1895-1979)
_eAutor
245 1 0 _aReakcje związków organicznych /
_cReynold C. Fuson ; tłumaczyli Daniela Buza [et al.].
246 1 _iTytuł oryginału:
_aReactions of organic compounds
260 _aWarszawa :
_bWydawnictwa Naukowo-Techniczne,
_c1966.
300 _a781 stron :
_bilustracje ;
_c25 cm.
336 _aTekst
_btxt
_2rdacontent
337 _aBez urządzenia pośredniczącego
_bn
_2rdamedia
338 _aWolumin
_bnc
_2rdacarrier
380 _aKsiążki
380 _aPublikacje fachowe
380 _aPublikacje dydaktyczne
385 _mPoziom nauczania
_aSzkoły wyższe
388 1 _a1901-2000
388 1 _a1945-1989
504 _aIndeks.
521 8 _aPraca jest przeznaczona dla słuchaczy wyższych uczelni specjalizujących się w syntezie organicznej oraz dla pracowników naukowych i chemików-organików.
650 7 _aChemia organiczna
650 7 _aZwiązki organiczne
650 7 _aReakcje chemiczne
655 7 _aPodręcznik
658 _aChemia
700 1 _aBuza, Daniela
_d(1930-2008)
_eTłumaczenie
700 1 _aDeles, Jadwiga
_d(1918- )
_eTłumaczenie
700 1 _aKamieńska-Trela, Krystyna
_d(1938-2015)
_eTłumaczenie
700 1 _aPorowska, Natalia
_eTłumaczenie
700 1 _aPrejzner, Jan
_eTłumaczenie
710 2 _aWydawnictwa Naukowo-Techniczne
_4pbl
856 _uhttp://koha.tu.koszalin.pl/cgi-bin/koha/opac-detail.pl?biblionumber=7759
_yKatalog online BPK
942 _2UKD
_cKS
999 _c7759
_d7759